000 00605nam a2200229Ia 4500
003 OSt
005 20220928101740.0
006 a|||||r|||| 00| 0
007 ta
008 220927b |||||||| |||| 00| 0 hin d
024 _a63125
037 _cTextual
040 _aSDCL
_cSDCL
_bhin
041 _2hin
_ahin
082 _aO152,3N273,3, L1
100 _aKunwar Narayan
_9394736
245 0 _aAakaro ke aas pass
260 _aDelhi
_bRadhakrishan Prakashan
_c1971
300 _a121p.
_ccm.
942 _hO152,3N273,3, L1
_cTEXL
_2CC
999 _c710339
_d710339